<?xml version="1.0" encoding="UTF-8"?>
<record
    xmlns:xsi="http://www.w3.org/2001/XMLSchema-instance"
    xsi:schemaLocation="http://www.loc.gov/MARC21/slim http://www.loc.gov/standards/marcxml/schema/MARC21slim.xsd"
    xmlns="http://www.loc.gov/MARC21/slim">

  <leader>03279nam a2200565Ia 4500</leader>
  <controlfield tag="001">1942</controlfield>
  <controlfield tag="008">241029s9999    xx            000 0 und d</controlfield>
  <datafield tag="010" ind1=" " ind2=" ">
    <subfield code="a">1821</subfield>
  </datafield>
  <datafield tag="041" ind1=" " ind2=" ">
    <subfield code="a">Espa&#xF1;ol</subfield>
  </datafield>
  <datafield tag="082" ind1=" " ind2=" ">
    <subfield code="a">NO APLICA</subfield>
  </datafield>
  <datafield tag="245" ind1=" " ind2="0">
    <subfield code="a">Visi&#xF3;n hist&#xF3;rica de la educaci&#xF3;n superior en funci&#xF3;n del desarrollo nacional 1930-1961</subfield>
  </datafield>
  <datafield tag="260" ind1=" " ind2=" ">
    <subfield code="a">Santo Domingo</subfield>
  </datafield>
  <datafield tag="300" ind1=" " ind2=" ">
    <subfield code="a">127</subfield>
  </datafield>
  <datafield tag="520" ind1=" " ind2=" ">
    <subfield code="a">12</subfield>
  </datafield>
  <datafield tag="630" ind1=" " ind2=" ">
    <subfield code="a">Ciencias Sociales</subfield>
  </datafield>
  <datafield tag="630" ind1=" " ind2=" ">
    <subfield code="a">Educaci&#xF3;n Superior</subfield>
  </datafield>
  <datafield tag="630" ind1=" " ind2=" ">
    <subfield code="a">Historia</subfield>
  </datafield>
  <datafield tag="650" ind1=" " ind2=" ">
    <subfield code="a">Ciencias Sociales</subfield>
  </datafield>
  <datafield tag="690" ind1=" " ind2=" ">
    <subfield code="a">Elaborado</subfield>
  </datafield>
  <datafield tag="700" ind1=" " ind2=" ">
    <subfield code="e">asesor</subfield>
    <subfield code="a">Moquete de la Rosa, Jacobo</subfield>
  </datafield>
  <datafield tag="700" ind1=" " ind2=" ">
    <subfield code="e">autor</subfield>
    <subfield code="a">Jarvis, Virginia C</subfield>
  </datafield>
  <datafield tag="700" ind1=" " ind2=" ">
    <subfield code="e">autor</subfield>
    <subfield code="a">Soriano Guante, Lourdes Aurea</subfield>
  </datafield>
  <datafield tag="700" ind1=" " ind2=" ">
    <subfield code="e">autor</subfield>
    <subfield code="a">Rodr&#xED;guez, Eduardo</subfield>
  </datafield>
  <datafield tag="901" ind1=" " ind2=" ">
    <subfield code="a">{"1":"Jarvis","2":"Soriano Guante","3":"Rodr&#xED;guez"}</subfield>
    <subfield code="b">{"1":"Virginia C","2":"Lourdes Aurea","3":"Eduardo"}</subfield>
  </datafield>
  <datafield tag="902" ind1=" " ind2=" ">
    <subfield code="a">1</subfield>
  </datafield>
  <datafield tag="903" ind1=" " ind2=" ">
    <subfield code="a">{"1":"Moquete de la Rosa"}</subfield>
    <subfield code="b">{"1":"Jacobo"}</subfield>
  </datafield>
  <datafield tag="904" ind1=" " ind2=" ">
    <subfield code="a">Maestr&#xED;a en</subfield>
  </datafield>
  <datafield tag="905" ind1=" " ind2=" ">
    <subfield code="a">Ciencias Sociales</subfield>
  </datafield>
  <datafield tag="906" ind1=" " ind2=" ">
    <subfield code="a">2</subfield>
  </datafield>
  <datafield tag="907" ind1=" " ind2=" ">
    <subfield code="a">NO APLICA</subfield>
  </datafield>
  <datafield tag="908" ind1=" " ind2=" ">
    <subfield code="a">NO APLICA</subfield>
  </datafield>
  <datafield tag="909" ind1=" " ind2=" ">
    <subfield code="a">Universidad Aut&#xF3;noma de Santo Domingo (UASD)</subfield>
  </datafield>
  <datafield tag="910" ind1=" " ind2=" ">
    <subfield code="a">NULL</subfield>
    <subfield code="b">NULL</subfield>
  </datafield>
  <datafield tag="911" ind1=" " ind2=" ">
    <subfield code="a">["1"]</subfield>
  </datafield>
  <datafield tag="912" ind1=" " ind2=" ">
    <subfield code="a">NO APLICA</subfield>
  </datafield>
  <datafield tag="913" ind1=" " ind2=" ">
    <subfield code="a">NULL</subfield>
  </datafield>
  <datafield tag="914" ind1=" " ind2=" ">
    <subfield code="a">02 de Febrero de 1987</subfield>
  </datafield>
  <datafield tag="915" ind1=" " ind2=" ">
    <subfield code="a">20/07/15 04:07</subfield>
  </datafield>
  <datafield tag="916" ind1=" " ind2=" ">
    <subfield code="a">NULL</subfield>
  </datafield>
  <datafield tag="917" ind1=" " ind2=" ">
    <subfield code="a">NULL</subfield>
  </datafield>
  <datafield tag="918" ind1=" " ind2=" ">
    <subfield code="a">NO APLICA</subfield>
  </datafield>
  <datafield tag="919" ind1=" " ind2=" ">
    <subfield code="a">["231","83","232"]</subfield>
  </datafield>
  <datafield tag="520" ind1=" " ind2=" ">
    <subfield code="a">El estudio se plante&#xF3; como objetivo principal comprobar que la visi&#xF3;n del proceso hist&#xF3;rico y la modernizaci&#xF3;n de la universidad durante la Era de Trujillo, contribuyeron al fortalecimiento de sus intereses personales. &#xA0;La metodolog&#xED;a utilizada fue de car&#xE1;cter hist&#xF3;rico-comparativo, estad&#xED;stico, &#xA0;deductivo e inductivo. Como t&#xE9;cnicas e instrumento se utiliz&#xF3; comparaci&#xF3;n de documento, &#xA0;consultas de libros, revistas y peri&#xF3;dicos de cada &#xE9;poca, recolecci&#xF3;n documental y bibliogr&#xE1;fica, an&#xE1;lisis y s&#xED;ntesis. &#xA0;Se trabaj&#xF3; con documentaciones hist&#xF3;ricas de la &#xE9;poca, basadas o relacionadas con el tema de investigaci&#xF3;n.El estudio concluye que la universidad en esa &#xE9;poca, fue un instrumento de manipulaci&#xF3;n Trujillista, como tal, estuvo al servicio de &#xA0;consolidar sus intereses pecuniarios y en ella se manten&#xED;a un clima de orden, fundado en el miedo y culto obligatorio al Jefe. &#xA0;La universidad Trujillista, en vez de crecer y desarrollarse, m&#xE1;s bien, era &#xA0;ante todo de corte tradicional, poco cient&#xED;fica. &#xA0;La educaci&#xF3;n durante aquel periodo fue alienante para el educando, ya que estuvo inmerso en un mundo que giraba &#xFA;nicamente en torno a la figura de Trujillo.El estudio recomienda que la universidad, debe servir no para proyectar la imagen y grandeza de un hombre, sino como instrumento de desarrollo para promover la cultura y participar en la b&#xFA;squeda de la verdad y el descubrimiento de nuevos conocimientos. &#xA0;La universidad debe asumir su responsabilidad en la formaci&#xF3;n de un &#xA0;profesional, no alienado, capaz de asumir una conciencia cr&#xED;tica y autocritica de la sociedad dominicana. &#xA0;Esta debe promover la docencia, la investigaci&#xF3;n y la &#xA0;intensi&#xF3;n como medio para la ense&#xF1;anza y su proyecci&#xF3;n en la sociedad.</subfield>
  </datafield>
  <datafield tag="921" ind1=" " ind2=" ">
    <subfield code="a">16</subfield>
  </datafield>
  <datafield tag="922" ind1=" " ind2=" ">
    <subfield code="a">16</subfield>
  </datafield>
  <datafield tag="923" ind1=" " ind2=" ">
    <subfield code="a">0</subfield>
  </datafield>
  <datafield tag="924" ind1=" " ind2=" ">
    <subfield code="a">NO APLICA</subfield>
  </datafield>
  <datafield tag="942" ind1=" " ind2=" ">
    <subfield code="c">Tesis</subfield>
  </datafield>
  <datafield tag="999" ind1=" " ind2=" ">
    <subfield code="c">1821</subfield>
    <subfield code="d">1821</subfield>
  </datafield>
</record>
